000 00392nam a2200145Ia 4500
008 231129s1980||||xx |||||||||||||| ||spa||
020 _a84-02-07381-6
040 _bspa
082 _aA863 C827p
100 _aCortazar Julio
245 0 _aEl perseguidor y otros relatos
260 _c1980
264 _aBarcelona EspaƱa: Bruguera
942 _2ddc
_cBKS
999 _c12063
_d12063